| 000 | 00487nam a2200181Ia 4500 | ||
|---|---|---|---|
| 999 |
_c1047 _d1047 |
||
| 020 | _a0-85365-928-1 | ||
| 082 | _a025.5 LAN-; | ||
| 100 | _aLancaster, F.W. | ||
| 245 | 0 | _aIf you want to evaluate your library... | |
| 260 |
_aLondon _bLibrary Association _c1988 |
||
| 300 | _a193p. | ||
| 504 | _aIncludes index | ||
| 650 | _aLibrary science - Research | ||
| 650 | _aReference services (Libraries) | ||
| 650 | _aDocument delivery | ||
| 650 | _aLibrary services agencies | ||
| 942 | _cBK | ||